000 00930nas a2200265 4500
001 BR8103687
003 BR-BrBNA
005 20231205084807.0
007 ta
008 230509b bl.|||p| |||| 00| 00por d
040 _aBR-BrBNA
_bpor
_cBiblioteca Nacional de Agricultura
041 _a(Pt)
072 _aL40
100 1 _aCosta, J.R.V. da (Fundacao de Ensino e Tecnologia de Alfenas, MG (Brazil)) Piccolo, A.M.
100 1 _aLopes, R.A.
100 1 _aPetenusci, S.O.
245 1 _aEstudo morfologico e histoquimico das glandulas salivares menores de tropidurus toquartus (iguanidae, lacertilia)[Lagarto]
650 _aMorfologia animal
650 _aLagarto
650 _aGlandula salivar
650 _aHistoquimica
773 0 _tMemoria. Revista da Fundacao de Ensino e Tecnologia de Alfenas (Brazil)
_x
_g(Jan 1981), v. 1(1) p. 1-7
_wBR8103687
909 _a202311
_bLúcia
_c55
_dLúcia Elande
942 _2AGRIS
_n0
_cANA
999 _c107313
_d107313